|
|
|
|
| LEADER |
00000ntm a22000007u 4500 |
| 001 |
zp14918 |
| 041 |
|
|
|a cze
|
| 100 |
1 |
|
|a Sarga, Libor
|4 dis
|
| 245 |
1 |
0 |
|a Projektové řešení podpory image společnosti XYZ na trzích České republiky
|
| 246 |
|
|
|a Project of Image Building of the XYZ Company on the Markets of the Czech Republic
|
| 260 |
|
|
|c 2010
|
| 300 |
|
|
|a 121 s., 14 s. obr. příloh.
|
| 500 |
|
|
|a Studijní obor: Management a marketing
|
| 500 |
|
|
|a Studijní obor: Management and Marketing
|
| 500 |
|
|
|a Ústav: Ústav managementu a marketingu
|
| 500 |
|
|
|a Univerzita Tomáše Bati ve Zlíně. Fakulta managementu a ekonomiky
|
| 500 |
|
|
|a Tomas Bata University in Zlín. Faculty of Management and Economics
|
| 506 |
|
|
|a Bez omezení
|
| 653 |
|
|
|a design
|
| 653 |
|
|
|a komunikace
|
| 653 |
|
|
|a kultura
|
| 653 |
|
|
|a produkt
|
| 653 |
|
|
|a image
|
| 653 |
|
|
|a organizace
|
| 653 |
|
|
|a průzkum
|
| 653 |
|
|
|a sémantický
|
| 653 |
|
|
|a diferenciál
|
| 653 |
|
|
|a PR
|
| 653 |
|
|
|a design
|
| 653 |
|
|
|a communication
|
| 653 |
|
|
|a culture
|
| 653 |
|
|
|a image
|
| 653 |
|
|
|a organization
|
| 653 |
|
|
|a company
|
| 653 |
|
|
|a research
|
| 653 |
|
|
|a semantic
|
| 653 |
|
|
|a differential
|
| 653 |
|
|
|a PR
|
| 655 |
|
4 |
|a diplomová práce
|
| 700 |
1 |
|
|a Staňková, Pavla
|4 ths
|
| 710 |
2 |
|
|a Univerzita Tomáše Bati ve Zlíně. Fakulta managementu a ekonomiky
|4 dgg
|
| 710 |
2 |
|
|a Tomas Bata University in Zlín. Faculty of Management and Economics
|4 dgg
|
| 856 |
4 |
0 |
|u http://hdl.handle.net/10563/11891
|y Plný text v Digitální knihovně UTB
|